KOHA-Header-6

Distributed Systems (Record no. 1620)

000 -LEADER
fixed length control field 00309nam a2200133Ia 4500
008 - FIXED-LENGTH DATA ELEMENTS--GENERAL INFORMATION
fixed length control field 190723s9999 xx 000 0 und d
020 ## - INTERNATIONAL STANDARD BOOK NUMBER
International Standard Book Number 978-93-325-752.6
100 ## - MAIN ENTRY--PERSONAL NAME
Personal name George Coulouris
245 #0 - TITLE STATEMENT
Title Distributed Systems
250 ## - EDITION STATEMENT
Edition statement 5th
260 ## - PUBLICATION, DISTRIBUTION, ETC. (IMPRINT)
Place of publication, distribution, etc India
Name of publisher, distributor, etc Pearson
Date of publication, distribution, etc 2017
300 ## - PHYSICAL DESCRIPTION
Extent 1047.:p
942 ## - ADDED ENTRY ELEMENTS (KOHA)
Koha item type Books
Holdings
Withdrawn status Lost status Source of classification or shelving scheme Damaged status Not for loan Collection code Permanent Location Current Location Shelving location Date acquired Total Checkouts Full call number Barcode Date last seen Date checked out Price effective from Koha item type
          Computer Science MAJU MAJU Shelf No.A32 2019-07-23 1 005..44 8243 2021-04-14 2021-04-08 2019-07-23 Computer Science

Powered by Koha